000 00668nam a2200277Ia 4500
005 20260324145308.0
008 008 260324s9999 xx 000 0 eng d
020 _a9781315718637
037 _aEBOOK
040 _aCRL
040 _beng
040 _cCRL
041 _2eng
041 _aeng
084 _qCRL
100 _aNoel Entwistle; Paul Ramsden
_91222463
245 0 _aUnderstanding Student Learning (Routledge Revivals)
260 _bTaylor and Francis
260 _c1983
365 _a
365 _b240
856 _uhttp://www.taylorfrancis.com/books/9781315718637
942 _cEBOOK
999 _c1830155
_d1830155